How to give away your faith / (Record no. 2965)
[ view plain ]
| 000 -LEADER | |
|---|---|
| fixed length control field | 00781nam a2200277 4500 |
| 001 - CONTROL NUMBER | |
| control field | 1394647 |
| 003 - CONTROL NUMBER IDENTIFIER | |
| control field | OSt |
| 005 - DATE AND TIME OF LATEST TRANSACTION | |
| control field | 20181019163557.0 |
| 008 - FIXED-LENGTH DATA ELEMENTS--GENERAL INFORMATION | |
| fixed length control field | 750616 1966 | eng u |
| 010 ## - LIBRARY OF CONGRESS CONTROL NUMBER | |
| LC control number | 66020710 |
| 020 ## - INTERNATIONAL STANDARD BOOK NUMBER | |
| International Standard Book Number | 0877845530 |
| 040 ## - CATALOGING SOURCE | |
| Transcribing agency | ITD |
| Modifying agency | KSU |
| -- | UtOrBLW |
| 050 0# - LIBRARY OF CONGRESS CALL NUMBER | |
| Classification number | BV4520 |
| Item number | .L5 |
| 082 0# - DEWEY DECIMAL CLASSIFICATION NUMBER | |
| Classification number | 248.5 |
| Item number | L778H |
| 100 1# - MAIN ENTRY--PERSONAL NAME | |
| Personal name | Little, Paul E |
| 245 10 - TITLE STATEMENT | |
| Title | How to give away your faith / |
| Statement of responsibility, etc. | by Paul E. Little |
| 264 #1 - PRODUCTION, PUBLICATION, DISTRIBUTION, MANUFACTURE, AND COPYRIGHT NOTICE | |
| Place of production, publication, distribution, manufacture | [Chicago] : |
| Name of producer, publisher, distributor, manufacturer | Inter-Varsity Press, |
| Date of production, publication, distribution, manufacture, or copyright notice | [1966] |
| 300 ## - PHYSICAL DESCRIPTION | |
| Extent | 131 pages : |
| Other physical details | illustrations ; |
| Dimensions | 22 cm |
| 336 ## - CONTENT TYPE | |
| Content type term | text |
| Content type code | txt |
| Source | rdacontent |
| 337 ## - MEDIA TYPE | |
| Media type term | unmediated |
| Media type code | n |
| Source | rdamedia |
| 338 ## - CARRIER TYPE | |
| Carrier type term | volume |
| Carrier type code | nc |
| Source | rdacarrier |
| 504 ## - BIBLIOGRAPHY, ETC. NOTE | |
| Bibliography, etc. note | Bibliographical footnotes |
| 650 #0 - SUBJECT ADDED ENTRY--TOPICAL TERM | |
| Topical term or geographic name entry element | Witness bearing (Christianity) |
| 650 #0 - SUBJECT ADDED ENTRY--TOPICAL TERM | |
| Topical term or geographic name entry element | Christian life |
| 942 ## - ADDED ENTRY ELEMENTS (KOHA) | |
| Source of classification or shelving scheme | Dewey Decimal Classification |
| Koha item type | Books |
| Withdrawn status | Lost status | Source of classification or shelving scheme | Damaged status | Not for loan | Collection code | Home library | Current library | Shelving location | Date acquired | Cost, normal purchase price | Total Checkouts | Full call number | Barcode | Date last seen | Price effective from | Koha item type |
|---|---|---|---|---|---|---|---|---|---|---|---|---|---|---|---|---|
| Dewey Decimal Classification | Non-fiction | Harvest Mission College | Harvest Mission College | General Stacks | 19.10.2018 | 230.00 | 248.5 L778H | 003265 | 19.10.2018 | 19.10.2018 | Books |
